| 000 | 00590nam a2200217Ia 4500 | ||
|---|---|---|---|
| 005 | 20250923145949.0 | ||
| 008 | 008 250917s9999 xx 000 0 eng d | ||
| 037 | _aTextual | ||
| 040 |
_aDSWL _beng _cDSWL |
||
| 041 |
_aeng _2eng |
||
| 084 |
_aG:55.2, N95 _qDSWL |
||
| 100 |
_aGadgil, M.V. _9840785 |
||
| 245 | 0 |
_aEcology and Equity _c by M.V. Gadgil |
|
| 260 |
_aNew Delhi _bPenguin _c1995 |
||
| 300 | _axi,213 p. | ||
| 365 |
_aGBP _b150.00 |
||
| 700 |
_a Chandra Ramesh Guha _9840786 |
||
| 925 | _g150.00 | ||
| 942 |
_cTEXL _hG:55.2, N95 |
||
| 999 |
_c1457887 _d1457887 |
||